Un casamiento a media noche (Record no. 160510)

MARC details
000 -LEADER
campo de control de longitud fija 00849nam a22001815i 4500
001 - NÚMERO DE CONTROL
campo de control 160510
003 - IDENTIFICADOR DE NÚMERO DE CONTROL
campo de control ES-MaACL
005 - FECHA Y HORA DE LA ÚLTIMA TRANSACCIÓN
campo de control 20250524063054.0
008 - DATOS DE LONGITUD FIJA--INFORMACIÓN GENERAL
campo de control de longitud fija 990722s1846 sp |||| | spa d
040 ## - FUENTE DE CATALOGACIÓN
Centro catalogador/agencia de origen CCPB | B
Lengua de catalogación spa
Centro/agencia transcriptor CCPB | B
100 1# - ENTRADA PRINCIPAL--NOMBRE DE PERSONA
Nombre de persona Navarrete, Ramón de,
Fechas asociadas al nombre 1818-1897
9 (RLIN) 85042
245 13 - MENCIÓN DEL TÍTULO
Título Un casamiento a media noche
Resto del título : comedia en tres actos /
Mención de responsabilidad, etc. arreglada a la escena española por Ramon de Navarrete.
260 ## - PUBLICACIÓN, DISTRIBUCIÓN, ETC.
Lugar de publicación, distribución, etc. Madrid :
Nombre del editor, distribuidor, etc. [Manuel Delgado],
Fecha de publicación, distribución, etc. 1846 (
Fabricante Imprenta de José Repullés)
300 ## - DESCRIPCIÓN FÍSICA
Extensión 55 p. ;
Dimensiones 17 cm.
500 ## - NOTA GENERAL
Nota general En port.: Representada por primera vez en el teatro del Príncipe el 27 de junio de 1846.
852 ## - LOCALIZACIÓN
Ubicación ES-MaACL
Número de control de estantería F-8642(5)
Nota libre -- Enc. hol.
condición física -- Falto de la cub. original
Nota libre -- Enc. en un vol. facticio formando parte de la col. facticia "Teatro español moderno" v. 99
Holdings
Estatus retirado Estado de pérdida Estado de daño No para préstamo Colección Biblioteca de origen Biblioteca actual Ubicación en estantería Fecha de adquisición Total de préstamos Signatura topográfica completa Código de barras Visto por última vez Precio de reemplazo Tipo de ítem Koha
        Libros del s. XIX Biblioteca del Ateneo de Madrid Biblioteca del Ateneo de Madrid Sala Pecera Planta 2 17/01/2008   F-8642(5) 1168065 23/02/2023 23/02/2023 Libro impreso antiguo